The way home a novel
Na minha lista:
| Autor principal: | |
|---|---|
| Formato: | Livro |
| Idioma: | Spanish |
| Publicado em: |
Nueva york, Estados Unidos
Back bay books
2009
|
| Assuntos: | |
| Tags: |
Adicionar Tag
Sem tags, seja o primeiro a adicionar uma tag!
|
MARC
| LEADER | 00000nam a22000007a 4500 | ||
|---|---|---|---|
| 008 | 180117b xxu||||| |||| 00| 0 spa d | ||
| 040 | |a cru BVZT | ||
| 090 | |a 810 P-7.1w | ||
| 100 | |a Pelecanos, George | ||
| 245 | |a The way home |b a novel |c George Pelecano | ||
| 260 | |a Nueva york, Estados Unidos |b Back bay books |c 2009 | ||
| 300 | |a 321 páginas | ||
| 650 | |a LITERATURA ESTADOUNIDENSE | ||
| 650 | |a NOVELA | ||
| 650 | |a FICCIÓN | ||
| 942 | |c 15 D | ||
| 999 | |c 15425 |d 15425 | ||
